000 01037cam a22002414a 4500
020 _a9780521660068 (hardback)
020 _a0521660068 (hardback)
020 _a9780521669726 (pbk.)
020 _a0521669723 (pbk.)
040 _cDLC
082 0 0 _a972 WAL1986 C165 Or.
100 1 _aHouston, Stephen D
245 1 4 _aThe classic Maya /
300 _axviii, 383 pages :
_billustrations, maps ;
_c26 cm
490 1 _aCambridge world archaeology
520 _aThis book is the first in-depth synthesis of the Classic Maya. It is richly informed by new decipherment of hieroglyphs, decades of intensive excavation and survey. Structured by categories of person in society, it reports on kings, queens, nobles, gods, and ancestors, as well as the many millions of farmers and other figures who lived in societies predicated on sacred kingship and varying political programs. -publisher description
650 0 _aMayas
650 0 _aMayas
650 4 _aMayas
650 4 _aMayas
700 1 _aInomata, Takeshi,
942 _cAEDBB
999 _c19335
_d19335